Работа с читателями: учебник

Библиографические подробности
Другие авторы: Сахаров В. Ф. Василий Федорович (редактор)
Язык:русский
Опубликовано: Москва, Книга, 1970
Издание:2-е изд., перераб. и доп.
Предметы:
Формат: Книга
Запись в KOHA:https://koha.lib.tpu.ru/cgi-bin/koha/opac-detail.pl?biblionumber=314404

MARC

LEADER 00000nam0a2200000 4500
001 314404
005 20231101014502.0
035 |a (RuTPU)RU\TPU\book\339825 
035 |a RU\TPU\book\75859 
090 |a 314404 
100 |a 20160215d1970 m y0rusy50 ca 
101 0 |a rus 
102 |a RU 
105 |a a j 000zy 
200 1 |a Работа с читателями  |e учебник  |f под ред. В. Ф. Сахарова 
205 |a 2-е изд., перераб. и доп. 
210 |a Москва  |c Книга  |d 1970 
215 |a 352 с.  |c ил. 
610 1 |a изучение читателей 
610 1 |a читатели 
610 1 |a обслуживание читателей 
610 1 |a методы и формы работы 
610 1 |a пропаганда литературы 
610 1 |a МБА 
610 1 |a учебники 
686 |a Ч735я73  |v LBC/SL-A  |2 rubbk 
702 1 |a Сахаров   |b В. Ф.  |g Василий Федорович  |4 340 
801 1 |a RU  |b 63413507  |c 20041213  |g PSBO 
801 2 |a RU  |b 63413507  |c 20190904  |g PSBO 
942 |c BK